logo

Bir Sreshtho Munshi Abdur Rouf Library
Jhenaidah Cadet College

Julius Caesar / (Record no. 11735)

MARC details
000 -LEADER
fixed length control field 00654nam a2200229 a 4500
001 - CONTROL NUMBER
JCCL Control Number 11735
003 - CONTROL NUMBER IDENTIFIER
JCCL marc code BD-JhCC
005 - DATE AND TIME OF LATEST TRANSACTION
control field 20200810122058.0
008 - FIXED-LENGTH DATA ELEMENTS--GENERAL INFORMATION
fixed length control field 200810b2013 enk |||| ||a| 000 0 eng d
020 ## - INTERNATIONAL STANDARD BOOK NUMBER
International Standard Book Number 9780007925469
035 ## - SYSTEM CONTROL NUMBER
system control number (BD-JhCC)11735
040 ## - CATALOGING SOURCE
Original cataloging agency BD-JhCC
Modifying agency BD-JhCC
041 ## - LANGUAGE CODE
Language code of Book eng
082 ## - DEWEY DECIMAL CLASSIFICATION NUMBER
Classification number 822.33
Author mark and Year SHA 2011
100 ## - MAIN ENTRY--PERSONAL NAME
Personal name shakespeare, william
245 ## - TITLE STATEMENT
Title Julius Caesar /
Statement of responsibility, etc william shakespeare
260 ## - PUBLICATION, DISTRIBUTION, ETC. (IMPRINT)
Place of publication, distribution, etc London:
Name of publisher, distributor, etc collins classics;
Date of publication, distribution, etc 2013.
300 ## - PHYSICAL DESCRIPTION
Pagination 134 p. :
Dimensions 18 cm.
651 ## - SUBJECT ADDED ENTRY--GEOGRAPHIC NAME
Geographic name Caesar, Julius
General subdivision Rome (Empire)
Chronological subdivision Julius Caesar (Shakespeare, William)
Geographic subdivision Historical drama, English
942 ## - ADDED ENTRY ELEMENTS (KOHA)
Source of classification or shelving scheme Dewey Decimal Classification
Koha item type Books
Holdings
Source of classification or shelving scheme Damaged status Not for loan Home library Current library Shelving location Date of accession Cost, normal purchase price Total Checkouts Full call number Barcode Date last seen Date checked out Copy number Koha item type
Dewey Decimal Classification     JCC Rouf Library JCC Rouf Library General Stacks 08/10/2020 350.00 3 822.33 SHA 2011 15906 04/07/2025 10/21/2024 C-1 Books

JCC Library | Contacts | JCC Home

Last Update on 23 September 2017
Copyright @ 2017-2020 JCC Rouf Library
Rouf Library, Jhenidah Cadet College (JCC), Bangladesh